Регионална библиотека "Любен Каравелов" - Русе

Настолна книга за жената (Запис номер 23327)

MARC детайли
000 -Лидер
Контролно поле с фиксирана дължина 01764nam a2200361 c 4500
003 - Код на организацията, давaща контролен номер
Контролно поле BLK
005 - Дата и час на последна редакция
Контролно поле 20230322121318.0
008 - Елементи от данни с фиксирана дължина
fixed length control field 180413b bul|||||r ||||||| ||bul||
010 ## - Наследен системен номер
LC control number KNG00025803000
020 ## - Международен стандартен номер на книга ISBN
Международен стандартен номер на книга ISBN 954-8023-11-3
-- издат.: Слънце - (грешен)
040 ## - Източник на каталожния запис
Идентификатор на билиотеката - собственик на записа BLK
041 ## - Код за език
Код за езика на текст/звукозапис или на отделно заглавие Български
Код за езика КДБФ Български
080 ## - УДК
Текстов определител УДК Хигиена на женските полови органи
УДК код - определител по УДК 613.99
УДК определител (035)
УДК - код + определител 613.99(035)
080 ## - УДК
Текстов определител УДК Полово възпитание. Хигиена на половия живот - Полови излишества, проституция, полово въздържание
УДК код - определител по УДК 613.88
УДК определител (035)
УДК - код + определител 613.88(035)
100 1# - Редна дума - Автор
Автор Дьолае, Мари-Клод
Авторска отговорност първи автор
R(LIN) 249989
139 ## - Редно поле
Редна дума Дьолае, Мари-Клод
Авторски знак Дър - Д 96
245 10 - Сведения за заглавието
Заглавие Настолна книга за жената
Редно поле (дума) Мари-Клод Дьолае; прев. от фр. Румяна Димитрова Маркова.
250 ## - Област на изданието
Сведения за изданието 2. изд.
257 ## - Страна на издаване
Страна на създаване/издаване Франция
260 ## - Област на издателските данни
-- София
Име на издателя, разпространителя и проч. Слънце
Година на издаване 1999
Печатница София : Балкан Прес АД
300 ## - Физическа характеристика
Страници 343 с.
Размери/Мащаб 20 см
380 ## - Жанр
Жанр Медицина
500 ## - Общи забележки
Забележка Ориг. загл. Le Live de bord de la femme / Marie-Claude Delahaye. - 1. изд. 1993. - Офс. изд.
650 #4 - Допълнително описание по предмет – тема
Основно описание – тема или топоним Жени - здраве и хигиена
9 (RLIN) 263278
650 #4 - Допълнително описание по предмет – тема
Основно описание – тема или топоним Полов живот - жени
9 (RLIN) 266990
650 #4 - Допълнително описание по предмет – тема
Основно описание – тема или топоним Полови органи, женски - болести - наръчници и ръководства
9 (RLIN) 249991
700 1# - Други автори (авторска отговорност)
Лично име Маркова, Румяна Димитрова
Автороска отговорност (Описва отношението между автора и произведението) прев. от фр.
9 (RLIN) 245681
852 ## - Местоположение
Форматна сигнатура Цб 199565
856 4# - Електронен адрес и достъп
Електронен формат pdf - файл
Път до файла /url/
856 4# - Електронен адрес и достъп
Електронен формат pdf - файл
Път до файла /url/
942 ## - АРТИКУЛИ
Вид на библиотечния материал Книги
Скрит в OPAC Не
944 ## - СЪЗДАВАНЕ И РЕДАКЦИЯ на ЗАПИСА
Създаване/Редакция Създаване
Дата на регистрацията/редакция 15.01.2003
Служител, извършил регистрацията/редакцията AB_DOS
944 ## - СЪЗДАВАНЕ И РЕДАКЦИЯ на ЗАПИСА
Създаване/Редакция Редакция
Дата на регистрацията/редакция 14.10.2016
Служител, извършил регистрацията/редакцията Кети_Илиева
999 ## - СИСТЕМНИ КОНТРОЛНИ НОМЕРА
Koha biblionumber 23327
Koha biblioitemnumber 23327
Наличности
Код за отписване Код за изгубен артикул Източник на класификационната схема Код за повреда Коз за рестрикции Код за отдаване Артикулен № Име на библиотеката - собственик Име на библиотеката, в която се намира в момента Статус (Текущо местоположение) Дата на вписване в системата Местоположение - отдел Цена в лева Инвентарен номер Систематично азбучна сигнатура Баркод Номер на екземпляра Цена в евро Служебна бележка Служебен тип на артикула
Изтеглен Не е изгубен Universal Decimal Classification Не е повреден без рестрикции заемане за дома 38503 Регионална библиотека "Любен Каравелов" Русе Регионална библиотека "Любен Каравелов" Русе Заемна - подръчен фонд 1999-01-01 Заемна - подръчен фонд 4.60 645878 П 613.9/Д 96 645878 1 2.35 Вид: Сф Дата: 01.01.1999 Книги
  Не е изгубен Universal Decimal Classification Не е повреден без рестрикции ползва се в читалня 38504 Регионална библиотека "Любен Каравелов" Русе Регионална библиотека "Любен Каравелов" Русе Хранилище 1999-01-01 Хранилище 4.60 647782 Цб 199565 120000647782 2 2.35 Вид: Сф Дата: 01.01.1999 Книги
Vip Innovations Ltd, Rousse, Bulgaria 2025